000
00263nam a22001217a 4500
041
_a
ENG
100
_a
Hons.
245
_a
Small Wells Manual
260
_a
Washington
_b
Agency for International
_c
1969
300
_a
156
650
_a
IDE ( 05 )
856
_u
IDE ( 05 )
999
_c
2793
_d
2793